Complex Variables and Applications (Record no. 9643)

000 -LEADER
fixed length control field 00436 a2200169 4500
020 ## - INTERNATIONAL STANDARD BOOK NUMBER
International Standard Book Number 978-007-126328-3
082 ## - DEWEY DECIMAL CLASSIFICATION NUMBER
Classification number 515.93
090 ## - LOCALLY ASSIGNED LC-TYPE CALL NUMBER (OCLC); LOCAL CALL NUMBER (RLIN)
-- 5801
-- 5801
100 ## - MAIN ENTRY--PERSONAL NAME
Personal name Brown, James Ward
245 ## - TITLE STATEMENT
Title Complex Variables and Applications
Statement of responsibility, etc. James Ward Brown
250 ## - EDITION STATEMENT
Edition statement 8th
260 ## - PUBLICATION, DISTRIBUTION, ETC.
Place of publication, distribution, etc. Singapore
Name of publisher, distributor, etc. McGraw Hill
Date of publication, distribution, etc. 2009
300 ## - PHYSICAL DESCRIPTION
Extent 468 p
500 ## - GENERAL NOTE
General note Includes Index
650 ## - SUBJECT ADDED ENTRY--TOPICAL TERM
Topical term or geographic name entry element Functions of complex variables.
942 ## - ADDED ENTRY ELEMENTS (KOHA)
Koha item type Book
Call number prefix 515.93 BRO
Holdings
Withdrawn status Lost status Damaged status Not for loan Collection code Permanent Location Current Location Shelving location Date acquired Source of acquisition Cost, normal purchase price Total Checkouts Total Renewals Full call number Barcode Date last seen Date last checked out Price effective from Koha item type
          Central Library (CL) Central Library (CL) General Stacks 10/16/2009 Star Books 5235.14 5 7 515.93 BRO SEECS009674 01/04/2026 09/27/2025 01/05/2017 Book
© 2023 Central Library, National University of Sciences and Technology. All Rights Reserved.